Catalunya municipal
Descripción Física:
350 exemplars en sis capses : il·lustracions, periodicitat setmanal ; 34 cm
Materias:
Federació de Municipis de Catalunya
; Federació de Municipis de Catalunya -- Revistes
; Administració local -- Catalunya -- Revistes
; Revistes
Idioma:
Catalán
MARC
| LEADER | 00000nas a2200000 a 4500 | ||
|---|---|---|---|
| 001 | 27898, 27899, 27900, 27901, 27902 | ||
| 003 | Arxiu | ||
| 005 | 20260324181508.0 | ||
| 008 | 160829d19852013spcfr n cat c | ||
| 017 | |a DL B. 40828-1986 | ||
| 080 | |a Revistes | ||
| 130 | 0 | |9 56365 |a Catalunya municipal (Barcelona, Catalunya : 1985) | |
| 245 | |a Catalunya municipal | ||
| 246 | 3 | 3 | |a Catalunya municipal : |b informatiu setmanal |
| 246 | 3 | 3 | |a Catalunya municipal : |b informatiu setmanal de la Federació de Municipis de Catalunya |
| 260 | |a Barcelona : |b Federació de Municipis de Catalunya, |c 1985-[2013] | ||
| 300 | |a 350 exemplars en sis capses : |b il·lustracions, periodicitat setmanal ; |c 34 cm | ||
| 362 | |a 1a època, any 1 (1985-1986) ; 2 època, any 2, núm. 1 (26 nov. 1986)-(2001) ; 3a època, (2001)-núm. 537 (24 des. 2004) ; 4a època, núm. 1 (1 febr. 2005)- | ||
| 362 | |a Acaba: Núm. 81 (ag./set. 2013) | ||
| 500 | |a Director 1a i 2a època : Jaume Guillamet i Lloveras. | ||
| 500 | |a Directora 3a època: Carme Pleguezuelos i Baeza | ||
| 500 | |a Subtítol de la 2ª època: informatiu setmanal | ||
| 580 | |a Reprèn la publicació del mateix títol editada els anys 30 | ||
| 590 | |a Setmanal. | ||
| 590 | |a Descripció basada en: 2a època, any 3, núm. 17 (1 abr. 1987). | ||
| 590 | |a Suplement: Europa municipal | ||
| 610 | 0 | |a Federació de Municipis de Catalunya |9 52168 | |
| 610 | 2 | 0 | |9 11447 |a Federació de Municipis de Catalunya |v Revistes |
| 650 | |a Administració local |x Catalunya |x Revistes |9 43906 | ||
| 655 | 0 | |9 55823 |a Revistes | |
| 710 | |a Federació de Municipis de Catalunya |e entitat productora |9 52168 | ||
| 752 | |a Catalunya |b Barcelona (Província) |c Barcelonès |d Barcelona | ||
| 866 | |a 1a època: any 1, 1985 (1, 2, 5-6, 7, 8, 9, 10); any 2, 1986 (11, 13-14, 17). 2a època: any 2, 1986 (1, 3, 5); any 3, 1987 (7, 8, 9, 10, 12, 13, 15, 16, 17, 19, 20, 21, 22, 23, 24, 25, 26, 27, 28, 29, 30, 32, 33, 34, 35, 37); any 4, 1988 (42, 43, 44, 45, 46, 86-101, 103, 105, 106, 108, 109, 110, 111, 113-119); any 6, 1990 (120, 121, 123-136, 138-159); any 7, 1991 (160-187); any 8, 1992 (188-205, 207-227). 3a època: any 9, 1993 (1-40); any 10, 1994 (42-84); any 11, 1995 (85-122, 124, 125, 126, 128); any 12, 1996 (129, 131-158, 160-165, 167-173); any 13, 1997 (174-219); any 14, 1998 (220-265); any 15, 1999 (267-291, 293-308); any 16, 2000 (309-355) | ||
| 901 | |a Arxiu | ||
| 942 | |n 1 |2 udc |c REV | ||
| 952 | |0 0 |1 0 |4 0 |7 1 |9 47073 |a Arxiu |b Arxiu |d 2016-12-01 |h Any 1, època 1, núm. 1 (març 1985)-Any 5, època 2, núm. 119 (22 desembre 1989) |o Rev-2135 |p 27897 |r 2016-12-01 00:00:00 |w 2016-12-01 |y ARXIU | ||
| 952 | |0 0 |1 0 |4 0 |7 1 |9 66336 |a Arxiu |b Arxiu |d 2023-05-16 |h Any 6, època 2, núm. 120 (12 gener 1990)-Any 9, època 3, núm. 40 (17 desembre 1993) |o Rev-2136 |p 27898 |r 2023-05-16 00:00:00 |w 2023-05-16 |y ARXIU | ||
| 952 | |0 0 |1 0 |4 0 |7 1 |9 66337 |a Arxiu |b Arxiu |d 2023-05-16 |h Any 10, època 3, núm. 42 (14 gener 1994)-Any 11, època 3, núm. 128 (29 desembre 1995) |o Rev-2137 |p 27899 |r 2023-05-16 00:00:00 |w 2023-05-16 |y ARXIU | ||
| 952 | |0 0 |1 0 |4 0 |7 1 |9 66338 |a Arxiu |b Arxiu |d 2023-05-16 |h Any 12, època 3, núm. 129 (12 gener 1996)-Any 13, època 3, núm. 219 (30 desembre 1997) |o Rev-2138 |p 27900 |r 2023-05-16 00:00:00 |w 2023-05-16 |y ARXIU | ||
| 952 | |0 0 |1 0 |4 0 |7 1 |9 66339 |a Arxiu |b Arxiu |d 2023-05-16 |h Any 14, època 3, núm. 220 (9 gener 1998)-Any 15, època 3, núm. 308 (24 desembre 1999) |o Rev-2139 |p 27901 |r 2023-05-16 00:00:00 |w 2023-05-16 |y ARXIU | ||
| 952 | |0 0 |1 0 |4 0 |7 1 |9 66341 |a Arxiu |b Arxiu |d 2023-05-16 |h Any 16, època 3, núm. 309 (7 gener 2000)-Any 16, època 3, núm. 354 (22 desembre 2000) |o Rev-2140 |p 27902 |r 2023-05-16 00:00:00 |w 2023-05-16 |y ARXIU | ||
| 999 | |c 50867 |d 50867 | ||